000 00256nam a22000977a 4500
999 _c515603
_d515603
082 _aTNC B262x54 P885
100 _aPramod (ed.)
_921293
245 _aTowards understanding communalism
_cedited by Pramod
260 _aChandigarh
_bCRRID
_c1992
300 _a557p.